[Event "SVK-Tch Extraliga 2023-24"]
[Site "SVK"]
[Date "2023.11.04"]
[Round "1.3"]
[White "Kusa, Jakub"]
[Black "Krnan, Tomas"]
[Result "1/2-1/2"]
[WhiteElo "2358"]
[BlackElo "2431"]
[PlyCount "77"]
[GameId "2130307551498244"]
[EventDate "2023.11.04"]
[EventType "team"]
[EventRounds "11"]
[EventCountry "SVK"]
[SourceTitle "10 Days #740"]
[Source "ChessMix"]
[SourceDate "2023.11.10"]
[SourceVersion "1"]
[SourceVersionDate "2023.11.10"]
[SourceQuality "1"]
[WhiteTeam "SKS Dubnica nad Vahom"]
[BlackTeam "Liptovska sachova skola"]

1. d4 Nf6 2. c4 g6 3. Nf3 Bg7 4. g3 O-O 5. Bg2 d6 6. Nc3 Nc6 7. d5 Na5 8. b3 c6 9. Bb2 cxd5 10. cxd5 Bd7 11. Nd4 Rc8 12. O-O a6 13. Rc1 b5 14. Qd2 Qb6 15. e3 Nb7 16. b4 Nd8 17. Nce2 Ng4 18. Rxc8 Bxc8 19. Rc1 Bb7 20. Nb3 Bxb2 21. Qxb2 e6 22. Na5 Ne5 23. Qb3 Bxd5 24. Bxd5 exd5 25. Qxd5 Ne6 26. h4 Nc7 27. Qb7 Qxb7 28. Nxb7 Nd5 29. a3 Nc4 30. Nc3 Nxc3 31. Rxc3 Rb8 32. Na5 d5 33. Nc6 Re8 34. Rd3 Re6 35. Nd4 Rd6 36. Ne2 Ne5 37. Rc3 Kg7 38. Kf1 Nc4 39. Nd4 1/2-1/2

[Event "SVK-Tch 1 Liga Vychod 2023-24"]
[Site "SVK"]
[Date "2023.10.21"]
[Round "1.2"]
[White "Krnan, Tomas"]
[Black "Vrana, Frantisek"]
[Result "1-0"]
[WhiteElo "2426"]
[BlackElo "2171"]
[PlyCount "61"]
[GameId "2130307552408102"]
[EventDate "2023.10.21"]
[EventType "team"]
[EventRounds "11"]
[EventCountry "SVK"]
[SourceTitle "10 Days #758"]
[Source "ChessMix "]
[SourceDate "2024.05.10"]
[SourceVersion "1"]
[SourceVersionDate "2024.05.10"]
[SourceQuality "1"]
[WhiteTeam "ŠK Junior CVC Banská Bystrica"]
[BlackTeam "TJ Slovan Rajecké Teplice"]

1. e4 e6 2. d4 d5 3. Nc3 Nf6 4. Bg5 Bb4 5. e5 h6 6. Bc1 Ne4 7. Qg4 Kf8 8. a3 f5 9. exf6 Nxf6 10. Qd1 Bd6 11. Nf3 Nc6 12. Bb5 Ne7 13. O-O Bd7 14. Bd3 Qe8 15. Re1 Qh5 16. Ne2 g5 17. Ng3 Qf7 18. Ne5 Bxe5 19. dxe5 Nfg8 20. f4 gxf4 21. Bxf4 h5 22. Be3 h4 23. Rf1 Nf5 24. Bc5+ Ke8 25. Nxf5 exf5 26. Qf3 Rh5 27. c4 Be6 28. cxd5 Bxd5 29. e6 Bxe6 30. Rae1 Rh6 31. Qxb7 1-0

[Event "SVK-Tch 1 Liga Vychod 2023-24"]
[Site "SVK"]
[Date "2024.02.04"]
[Round "9.2"]
[White "Krnan, Tomas"]
[Black "Tazbir, Marcin"]
[Result "0-1"]
[WhiteElo "2426"]
[BlackElo "2497"]
[PlyCount "72"]
[GameId "2130307552424825"]
[EventDate "2023.10.21"]
[EventType "team"]
[EventRounds "11"]
[EventCountry "SVK"]
[SourceTitle "10 Days #758"]
[Source "ChessMix "]
[SourceDate "2024.05.10"]
[SourceVersion "1"]
[SourceVersionDate "2024.05.10"]
[SourceQuality "1"]
[WhiteTeam "ŠK Junior CVC Banská Bystrica"]
[BlackTeam "Dunajov-Martin INBEST A"]

1. e4 c5 2. Nf3 d6 3. Bb5+ Nd7 4. a4 Ngf6 5. Nc3 g6 6. a5 a6 7. Be2 Bg7 8. O-O O-O 9. d3 e5 10. Nd2 b5 11. axb6 Nxb6 12. Nc4 Nxc4 13. dxc4 Bb7 14. Bf3 h6 15. Be3 Qc7 16. Qd2 Kh7 17. h4 Bc8 18. Rfd1 Rd8 19. Qe2 Be6 20. h5 g5 21. Nd5 Qc8 22. Qd3 Rb8 23. Ra2 g4 24. Nxf6+ Bxf6 25. Be2 Bg5 26. Rda1 Rb6 27. c3 Qb7 28. b4 Bxe3 29. Qxe3 cxb4 30. cxb4 Rxb4 31. Rxa6 Rb3 32. Qa7 Qxe4 33. Qe7 Rdb8 34. Bf1 Rb1 35. Qxd6 g3 36. fxg3 Qxc4 0-1

[Event "SVK-Tch 1 Liga Vychod 2023-24"]
[Site "SVK"]
[Date "2024.03.10"]
[Round "11.1"]
[White "Dovzik, Juri"]
[Black "Krnan, Tomas"]
[Result "0-1"]
[WhiteElo "2225"]
[BlackElo "2426"]
[PlyCount "84"]
[GameId "2130307552428998"]
[EventDate "2023.10.21"]
[EventType "team"]
[EventRounds "11"]
[EventCountry "SVK"]
[SourceTitle "10 Days #758"]
[Source "ChessMix "]
[SourceDate "2024.05.10"]
[SourceVersion "1"]
[SourceVersionDate "2024.05.10"]
[SourceQuality "1"]
[WhiteTeam "TJ Slávia UPJŠ Košice"]
[BlackTeam "ŠK Junior CVC Banská Bystrica"]

1. c4 e5 2. Nc3 Nf6 3. Nf3 Nc6 4. e3 Bb4 5. d4 exd4 6. exd4 O-O 7. Be2 d5 8. O-O dxc4 9. Bxc4 Bg4 10. Be3 Qd7 11. Be2 Nd5 12. Nxd5 Qxd5 13. h3 Bh5 14. a3 Ba5 15. g4 Bg6 16. Nh4 Bb6 17. Bf3 Be4 18. Bxe4 Qxe4 19. Nf5 g6 20. Ng3 Qd5 21. Ne2 Rad8 22. Nc3 Qd6 23. Ne4 Qe6 24. Qf3 Bxd4 25. Rae1 f5 26. Ng5 Qf6 27. Bc1 fxg4 28. Qxg4 Ne5 29. Rxe5 Qxe5 30. Qe6+ Qxe6 31. Nxe6 Bxf2+ 32. Kg2 Bh4 33. Nxf8 Rxf8 34. Bf4 c6 35. a4 Rf5 36. Rf3 Kf7 37. Be3 a6 38. b3 Ke6 39. Bb6 Rxf3 40. Kxf3 Ke5 41. Ke3 Be7 42. Kd3 h5 0-1

[Event "SVK-Tch 1 Liga Zapad 2023-24"]
[Site "SVK"]
[Date "2023.12.17"]
[Round "6.1"]
[White "Krnan, Tomas"]
[Black "Vojtek, Vladimir"]
[Result "1/2-1/2"]
[WhiteElo "2426"]
[BlackElo "2255"]
[PlyCount "91"]
[GameId "2129404703716649"]
[EventDate "2023.10.21"]
[EventType "team"]
[EventRounds "11"]
[EventCountry "SVK"]
[SourceTitle "10 Days #758"]
[Source "ChessMix "]
[SourceDate "2024.05.10"]
[SourceVersion "1"]
[SourceVersionDate "2024.05.10"]
[SourceQuality "1"]
[WhiteTeam "ŠK Cífer"]
[BlackTeam "ŠKŠ Dubnica nad Váhom B"]

{[%evp 0,34,40,40,10,4,3,11,15,1,0,25,68,52,48,77,55,38,28,50,48,45,50,44,39,42,34,45,55,87,77,62,156,169,109,119,120]} 1. e4 e5 2. Nf3 Nc6 3. Bb5 a6 4. Ba4 b5 5. Bb3 Na5 6. O-O d6 7. d4 exd4 8. Nxd4 Bb7 9. Bd2 Nxb3 10. Nxb3 Rb8 11. a4 Nf6 12. axb5 axb5 13. Qe2 Qd7 14. e5 dxe5 15. Qxe5+ Be7 16. Bb4 Nd5 17. Bxe7 Nxe7 18. Nc5 Qd5 19. Qxd5 Bxd5 20. Nc3 Bc6 21. Rfe1 h5 22. Ra7 Rc8 23. Na6 Kf8 24. b4 Rh6 25. Rxc7 Rxc7 26. Nxc7 Rg6 27. g3 Rg4 28. f4 h4 29. Kf2 hxg3+ 30. hxg3 Nf5 31. Ne2 g5 32. Rg1 gxf4 33. gxf4 Rh4 34. Rg5 Rh2+ 35. Ke1 Bf3 36. Rxf5 Rxe2+ 37. Kf1 Rxc2 38. Ne6+ Ke7 39. Nd4 Bg2+ 40. Kg1 Rd2 41. Nxb5 f6 42. Nc3 Ke6 43. Rc5 Bf3 44. f5+ Kd7 45. Kf1 Rb2 46. Nd5 1/2-1/2

[Event "SVK-Tch 1 Liga Zapad 2023-24"]
[Site "SVK"]
[Date "2024.02.03"]
[Round "8.1"]
[White "Krnan, Tomas"]
[Black "Petran, Peter"]
[Result "1-0"]
[WhiteElo "2426"]
[BlackElo "2189"]
[PlyCount "95"]
[GameId "2130307552445731"]
[EventDate "2023.10.21"]
[EventType "team"]
[EventRounds "11"]
[EventCountry "SVK"]
[SourceTitle "10 Days #758"]
[Source "ChessMix "]
[SourceDate "2024.05.10"]
[SourceVersion "1"]
[SourceVersionDate "2024.05.10"]
[SourceQuality "1"]
[WhiteTeam "ŠK Cífer"]
[BlackTeam "ŠK Slovan Bratislava C"]

1. e4 g6 2. d4 Bg7 3. Nc3 c6 4. Be3 b5 5. h4 h5 6. Qd2 d6 7. O-O-O Nf6 8. f3 a6 9. Kb1 Qc7 10. Bf4 b4 11. Nce2 a5 12. c4 bxc3 13. Nxc3 Be6 14. Nh3 Bxh3 15. Rxh3 Nfd7 16. g4 Qb7 17. e5 d5 18. e6 fxe6 19. Bd3 Nf8 20. Qc2 Na6 21. Bxg6+ Kd7 22. Bf7 Nb4 23. Qd2 Na6 24. Rh2 Rh7 25. Bxh5 Qb4 26. a3 Qc4 27. Qe2 Qxe2 28. Rxe2 Bf6 29. Na4 Ra7 30. Nb6+ Kd8 31. Rc2 c5 32. dxc5 Bxh4 33. c6 Nc7 34. Be3 Ra6 35. f4 Bg3 36. Rg1 Bh4 37. Rh1 Bf6 38. Rd1 a4 39. f5 exf5 40. Nxd5 Nxd5 41. Rxd5+ Kc7 42. Be8 fxg4 43. Rd7+ Kc8 44. Rb7 Ra8 45. Bb6 g3 46. Rd2 Rh1+ 47. Ka2 e6 48. Rf7 1-0

[Event "SVK-Tch 1 Liga Zapad 2023-24"]
[Site "SVK"]
[Date "2024.03.09"]
[Round "10.1"]
[White "Krnan, Tomas"]
[Black "Chlpik, Martin"]
[Result "1-0"]
[WhiteElo "2426"]
[BlackElo "2301"]
[PlyCount "139"]
[GameId "2130307552454014"]
[EventDate "2023.10.21"]
[EventType "team"]
[EventRounds "11"]
[EventCountry "SVK"]
[SourceTitle "10 Days #758"]
[Source "ChessMix "]
[SourceDate "2024.05.10"]
[SourceVersion "1"]
[SourceVersionDate "2024.05.10"]
[SourceQuality "1"]
[WhiteTeam "ŠK Cífer"]
[BlackTeam "ŠK Levice B"]

1. e4 e6 2. d4 d5 3. e5 b6 4. c3 Qd7 5. Bd3 Ba6 6. Bc2 c5 7. Ne2 Nc6 8. Ba4 b5 9. Bc2 Nge7 10. dxc5 Ng6 11. b4 Ngxe5 12. O-O Be7 13. a4 O-O 14. Na3 Qb7 15. Nf4 bxa4 16. Re1 d4 17. cxd4 Qxb4 18. Rb1 Qxd4 19. Qxd4 Nxd4 20. Rxe5 Bf6 21. Re1 Nxc2 22. Nxc2 Bc3 23. Rd1 g5 24. Nh3 Rab8 25. Rxb8 Rxb8 26. Bxg5 Be2 27. Rd8+ Rxd8 28. Bxd8 Kf8 29. c6 Ke8 30. c7 Kd7 31. Ng5 a5 32. Nxf7 Ba6 33. f4 Bb4 34. Ne5+ Kc8 35. Nc6 Bc5+ 36. Kh1 a3 37. Nxa5 Bd3 38. Na1 Be4 39. Nc4 Bd5 40. Nd2 Bd4 41. Ndb3 Be3 42. Be7 Bxf4 43. Bxa3 Kxc7 44. Nd4 e5 45. Ne2 Be3 46. Nc2 Ba7 47. Nc3 Bc4 48. Ne1 Kd7 49. Bc1 Ke6 50. Nd1 Bb3 51. Be3 Bb8 52. Nf2 Bd5 53. Kg1 Bc4 54. Nf3 h6 55. Nd2 Be2 56. Bxh6 Ba7 57. Nf1 Kd5 58. Be3 Bb8 59. Ng3 Bc4 60. h4 Ke6 61. Nfe4 Kf7 62. Kf2 Bc7 63. h5 Ba2 64. Nf5 Bd8 65. g4 Kg8 66. Bg5 Bb6+ 67. Kf3 Kh8 68. Bf6+ Kh7 69. Ng5+ Kg8 70. h6 1-0

[Event "AUT-Tch 2nd Ost 2023-24"]
[Site "AUT"]
[Date "2023.11.05"]
[Round "5.2"]
[White "Lipka, Juraj"]
[Black "Krnan, Tomas"]
[Result "0-1"]
[WhiteElo "2377"]
[BlackElo "2431"]
[PlyCount "68"]
[GameId "2130307552863122"]
[EventDate "2023.10.13"]
[EventType "team"]
[EventRounds "11"]
[EventCountry "AUT"]
[SourceTitle "10 Days #742"]
[Source "ChessMix"]
[SourceDate "2023.12.01"]
[SourceVersion "1"]
[SourceVersionDate "2023.12.01"]
[SourceQuality "1"]
[WhiteTeam "ASVOE Pamhagen"]
[BlackTeam "Union Schachklub Oggau"]

1. d4 Nf6 2. Nc3 d5 3. Bf4 a6 4. e3 e6 5. g4 Bb4 6. Nge2 O-O 7. a3 Be7 8. Ng3 c5 9. g5 Nfd7 10. h4 Nc6 11. Qd2 e5 12. dxe5 d4 13. Nd5 Ndxe5 14. Nxe7+ Qxe7 15. O-O-O Rd8 16. Be2 b5 17. Bxe5 Nxe5 18. exd4 cxd4 19. Rhe1 Qc7 20. f4 Nc4 21. Bxc4 bxc4 22. Re4 c3 23. Qf2 cxb2+ 24. Kb1 Bg4 25. Rdxd4 g6 26. Qd2 Be6 27. Rxd8+ Rxd8 28. Rd4 Rb8 29. Rb4 a5 30. Rxb2 Rd8 31. Qe1 Qxf4 32. Rb5 Qc4 33. Qxa5 Rd1+ 34. Kb2 Qd4+ 0-1

[Event "AUT-Tch 2nd Ost 2023-24"]
[Site "AUT"]
[Date "2024.01.27"]
[Round "6.2"]
[White "Wagner, Leopold Franziskus"]
[Black "Krnan, Tomas"]
[Result "0-1"]
[WhiteElo "2205"]
[BlackElo "2436"]
[PlyCount "48"]
[GameId "2130307552867246"]
[EventDate "2023.10.13"]
[EventType "team"]
[EventRounds "11"]
[EventCountry "AUT"]
[SourceTitle "The Week in Chess 1529"]
[Source "Mark Crowther"]
[SourceDate "2024.02.26"]
[SourceVersion "1"]
[SourceVersionDate "2024.02.26"]
[SourceQuality "2"]
[WhiteTeam "SK Hietzing"]
[BlackTeam "Union Schachklub Oggau"]

1. d4 d5 2. Bf4 c5 3. e3 cxd4 4. exd4 Nc6 5. c3 f6 6. Bd3 e5 7. dxe5 fxe5 8. Bg3 Nf6 9. Ne2 Bd6 10. Nd2 O-O 11. c4 e4 12. Bb1 Bg4 13. Bxd6 Qxd6 14. h3 Bxe2 15. Qxe2 Qb4 16. a3 Qxb2 17. Ra2 Qc1+ 18. Qd1 Qxd1+ 19. Kxd1 Rad8 20. cxd5 Nxd5 21. Ke1 Nc3 22. Rb2 Ne5 23. Rf1 Nd3+ 24. Bxd3 Rxd3 0-1

[Event "AUT-Tch 2nd Ost 2023-24"]
[Site "AUT"]
[Date "2024.01.28"]
[Round "7.2"]
[White "Krnan, Tomas"]
[Black "Bauer, Thomas"]
[Result "1-0"]
[WhiteElo "2441"]
[BlackElo "2234"]
[PlyCount "81"]
[GameId "2130307552867257"]
[EventDate "2023.10.13"]
[EventType "team"]
[EventRounds "11"]
[EventCountry "AUT"]
[SourceTitle "10 Days #751"]
[Source "ChessMix "]
[SourceDate "2024.03.01"]
[SourceVersion "1"]
[SourceVersionDate "2024.03.01"]
[SourceQuality "1"]
[WhiteTeam "Union Schachklub Oggau"]
[BlackTeam "Sgm SV Voest Krems"]

1. e4 d6 2. d4 Nf6 3. Nc3 g6 4. Be3 a6 5. h4 Nbd7 6. Be2 h5 7. Nh3 b5 8. e5 dxe5 9. dxe5 Nxe5 10. Qxd8+ Kxd8 11. Ng5 Be6 12. Bf4 Nfd7 13. O-O-O Bg7 14. Nxe6+ fxe6 15. Ne4 Kc8 16. Ng5 Nc5 17. Rhe1 Rb8 18. Be3 Ned7 19. Bf3 Na4 20. c3 Ne5 21. Bd4 Nxf3 22. Nxf3 Bxd4 23. Nxd4 Rf8 24. Rxe6 Rxf2 25. Nc6 Ra8 26. Rxe7 Nc5 27. b4 a5 28. bxc5 Ra6 29. Re8+ Kb7 30. Nd8+ Ka7 31. Rd7 Rf1+ 32. Kd2 Raf6 33. Rxc7+ Ka6 34. Rc6+ Rxc6 35. Nxc6 Rf5 36. Re5 Rf2+ 37. Ke3 Rxa2 38. Re7 b4 39. c4 Ra3+ 40. Kd4 Rg3 41. Ra7# 1-0

[Event "AUT-Tch 2nd Ost 2023-24"]
[Site "AUT"]
[Date "2024.02.10"]
[Round "8.2"]
[White "Schwarhofer, Christopher"]
[Black "Krnan, Tomas"]
[Result "1/2-1/2"]
[WhiteElo "2291"]
[BlackElo "2441"]
[PlyCount "99"]
[GameId "2130307552867290"]
[EventDate "2023.10.13"]
[EventType "team"]
[EventRounds "11"]
[EventCountry "AUT"]
[SourceTitle "10 Days #751"]
[Source "ChessMix "]
[SourceDate "2024.03.01"]
[SourceVersion "1"]
[SourceVersionDate "2024.03.01"]
[SourceQuality "1"]
[WhiteTeam "Amateure"]
[BlackTeam "Union Schachklub Oggau"]

1. e4 e5 2. f4 exf4 3. Nf3 Nf6 4. e5 Nh5 5. d4 d6 6. Qe2 dxe5 7. Nxe5 Qh4+ 8. g3 Nxg3 9. hxg3 Qxh1 10. Bxf4 Bd6 11. Nc3 O-O 12. O-O-O Bh3 13. Nxf7 Bxf4+ 14. gxf4 Nd7 15. Qc4 Rxf7 16. Qxf7+ Kxf7 17. Bc4+ Be6 18. Bxe6+ Kxe6 19. Rxh1 Nf6 20. Kd2 Rd8 21. Ke3 h5 22. Ne4 Ng4+ 23. Kf3 g6 24. c3 Kd5 25. b3 b5 26. Re1 Rf8 27. Ng5 Rf6 28. Re7 Nh2+ 29. Kg2 Ng4 30. Kg3 Kd6 31. Rg7 Kc6 32. Nf3 Nh6 33. Ne5+ Kd5 34. Kf3 b4 35. Rxc7 bxc3 36. Rxc3 Nf5 37. Rc7 Nxd4+ 38. Ke3 Rxf4 39. Kxf4 Ne6+ 40. Kg3 Nxc7 41. Nxg6 Nb5 42. Nf4+ Kc5 43. Nd3+ Kd4 44. Nb4 Kc3 45. Nc6 Nd4 46. Nxa7 Nxb3 47. Nb5+ Kb4 48. axb3 Kxb3 49. Kh4 Kb4 50. Kxh5 1/2-1/2

[Event "AUT-Tch 2nd Ost 2023-24"]
[Site "AUT"]
[Date "2024.02.11"]
[Round "9.2"]
[White "Krnan, Tomas"]
[Black "Morgunov, Marc"]
[Result "0-1"]
[WhiteElo "2441"]
[BlackElo "2375"]
[PlyCount "76"]
[GameId "2130307552867322"]
[EventDate "2023.10.13"]
[EventType "team"]
[EventRounds "11"]
[EventCountry "AUT"]
[SourceTitle "10 Days #751"]
[Source "ChessMix "]
[SourceDate "2024.03.01"]
[SourceVersion "1"]
[SourceVersionDate "2024.03.01"]
[SourceQuality "1"]
[WhiteTeam "Union Schachklub Oggau"]
[BlackTeam "tschaturanga"]

1. e4 e5 2. Nf3 Nc6 3. Bb5 a6 4. Ba4 Bc5 5. d3 Nge7 6. c3 O-O 7. O-O Ba7 8. h3 Ng6 9. Bb3 d6 10. d4 h6 11. dxe5 Ncxe5 12. Nxe5 dxe5 13. Qf3 Qe7 14. Na3 Be6 15. Nc4 Rad8 16. Qg3 Qf6 17. Na5 Nf4 18. Bxf4 exf4 19. Qf3 Rd2 20. Bxe6 Qxe6 21. b3 b5 22. Qxf4 Rfd8 23. b4 Re2 24. Nb3 Qc4 25. Qf3 Rxe4 26. Rad1 Rxd1 27. Rxd1 Qe6 28. Rd8+ Kh7 29. Rd2 Re5 30. Qd3+ g6 31. Nd4 Qd6 32. Kf1 Rd5 33. Qf3 Rf5 34. Qe4 Bxd4 35. Qxd4 Qh2 36. f3 Re5 37. Rd1 Re6 38. Kf2 Rd6 0-1

[Event "AUT-Tch 2nd Ost 2023-24"]
[Site "AUT"]
[Date "2024.04.20"]
[Round "10.2"]
[White "Turcan, Richard"]
[Black "Krnan, Tomas"]
[Result "1/2-1/2"]
[WhiteElo "2402"]
[BlackElo "2436"]
[PlyCount "83"]
[GameId "2130307552871445"]
[EventDate "2023.10.13"]
[EventType "team"]
[EventRounds "11"]
[EventCountry "AUT"]
[SourceTitle "The Week in Chess 1539"]
[Source "Mark Crowther"]
[SourceDate "2024.05.06"]
[SourceVersion "2"]
[SourceVersionDate "2024.05.08"]
[SourceQuality "2"]
[WhiteTeam "ASVOe Schachclub Mattersburg"]
[BlackTeam "Union Schachklub Oggau"]

1. d4 Nf6 2. c4 e6 3. Nc3 Bb4 4. Bd2 b6 5. e3 Bb7 6. Nf3 O-O 7. Bd3 d5 8. cxd5 exd5 9. O-O a6 10. Ne5 Bd6 11. f4 Qe8 12. Qf3 Qe6 13. Be1 Nbd7 14. g4 Ne4 15. Nxe4 dxe4 16. Bxe4 Bxe4 17. Qxe4 Bxe5 18. fxe5 Nf6 19. Qf5 Nxg4 20. Qxe6 fxe6 21. Bd2 Rad8 22. Rxf8+ Rxf8 23. Rc1 Nxh2 24. Kxh2 Rf2+ 25. Kg3 Rxd2 26. Rxc7 Rxb2 27. Re7 h5 28. Rxe6 Kf7 29. d5 Rb4 30. Kf3 h4 31. Rc6 h3 32. Rc7+ Kg6 33. d6 Rb2 34. Rc8 h2 35. Rh8 Kf5 36. d7 Rd2 37. Rxh2 Rxd7 38. Rh5+ Kg6 39. Rh8 Kf5 40. Rb8 Kxe5 41. Rxb6 Rd6 42. Rb4 1/2-1/2

[Event "SVK-Tch 2nd League-B 2023-24"]
[Site "SVK"]
[Date "2023.12.02"]
[Round "5.1"]
[White "Krnan, Tomas"]
[Black "Bielik, Miroslav"]
[Result "1-0"]
[WhiteElo "2426"]
[BlackElo "2121"]
[PlyCount "61"]
[GameId "2130307553289126"]
[EventDate "2023.10.07"]
[EventType "team"]
[EventRounds "11"]
[EventCountry "SVK"]
[SourceTitle "10 Days #758"]
[Source "ChessMix "]
[SourceDate "2024.05.10"]
[SourceVersion "1"]
[SourceVersionDate "2024.05.10"]
[SourceQuality "1"]
[WhiteTeam "ŠK Prievidza K CERO INVEST Nitra"]
[BlackTeam "Topolciansky ŠK"]

1. e4 b6 2. d4 Bb7 3. Bd3 e6 4. Nf3 c5 5. c3 Nf6 6. e5 Nd5 7. O-O cxd4 8. cxd4 Ba6 9. Nc3 Nxc3 10. bxc3 Qc8 11. Bxa6 Nxa6 12. Qd3 Nc7 13. c4 d5 14. exd6 Bxd6 15. Ng5 Qd8 16. Ne4 Be7 17. Qg3 Kf8 18. Bb2 Ne8 19. Rad1 f5 20. Qf3 Kg8 21. Ng3 Bf6 22. Rfe1 Qc8 23. Nxf5 g6 24. Nh6+ Kg7 25. Ng4 Rf8 26. Nxf6 Nxf6 27. d5 Qxc4 28. Rxe6 Qh4 29. g3 Qg5 30. Re5 Qh6 31. Re7+ 1-0

[Event "SVK-Tch 2nd League-B 2023-24"]
[Site "SVK"]
[Date "2023.12.03"]
[Round "6.1"]
[White "Nagy, Tomas"]
[Black "Krnan, Tomas"]
[Result "0-1"]
[WhiteElo "2194"]
[BlackElo "2426"]
[PlyCount "62"]
[GameId "2130307553289170"]
[EventDate "2023.10.07"]
[EventType "team"]
[EventRounds "11"]
[EventCountry "SVK"]
[SourceTitle "10 Days #758"]
[Source "ChessMix "]
[SourceDate "2024.05.10"]
[SourceVersion "1"]
[SourceVersionDate "2024.05.10"]
[SourceQuality "1"]
[WhiteTeam "OŠK Žihárec"]
[BlackTeam "ŠK Prievidza K CERO INVEST Nitra"]

1. c4 Nf6 2. Nc3 g6 3. g3 Bg7 4. Bg2 O-O 5. Nf3 d6 6. d4 Nc6 7. d5 Na5 8. Nd2 c6 9. O-O cxd5 10. cxd5 Bf5 11. h3 Rc8 12. Kh2 Ne8 13. e4 Bd7 14. f4 b5 15. Nf3 Nc4 16. Nd4 b4 17. Nce2 Qb6 18. b3 Na3 19. Bxa3 bxa3 20. Qd2 Nc7 21. Rac1 Na6 22. Nf3 Nb4 23. Ned4 a5 24. Rfd1 Rxc1 25. Rxc1 Rc8 26. Rxc8+ Bxc8 27. Nc2 Nxa2 28. Nxa3 Nc3 29. Qc2 Qb4 30. e5 Bf5 31. Qb2 a4 0-1

[Event "SVK-Tch 2nd League-B 2023-24"]
[Site "SVK"]
[Date "2024.01.14"]
[Round "7.2"]
[White "Gulbis, Adrian"]
[Black "Krnan, Tomas"]
[Result "0-1"]
[WhiteElo "2034"]
[BlackElo "2426"]
[PlyCount "76"]
[GameId "2130307553293312"]
[EventDate "2023.10.07"]
[EventType "team"]
[EventRounds "11"]
[EventCountry "SVK"]
[SourceTitle "10 Days #758"]
[Source "ChessMix "]
[SourceDate "2024.05.10"]
[SourceVersion "1"]
[SourceVersionDate "2024.05.10"]
[SourceQuality "1"]
[WhiteTeam "Športový ŠK Šurany"]
[BlackTeam "ŠK Prievidza K CERO INVEST Nitra"]

1. d4 Nf6 2. c4 e6 3. Nf3 b6 4. Nc3 Bb7 5. Bg5 Bb4 6. e3 h6 7. Bh4 g5 8. Bg3 Ne4 9. Qb3 Bxc3+ 10. bxc3 d6 11. Nd2 Nxd2 12. Kxd2 Nc6 13. a4 Na5 14. Qa2 Qd7 15. f3 f5 16. Bd3 O-O-O 17. e4 fxe4 18. fxe4 h5 19. Rhf1 Rdf8 20. h3 h4 21. Bh2 g4 22. hxg4 Qg7 23. Ke3 Qg5+ 24. Ke2 Qxg4+ 25. Ke1 Rxf1+ 26. Kxf1 Bxe4 27. Qe2 Bxd3 28. Qxd3 h3 29. Ra2 Rf8+ 30. Kg1 Nxc4 31. Re2 hxg2 32. Rxg2 Qf3 33. Qxf3 Rxf3 34. Rc2 Ne3 35. Rc1 Kd7 36. c4 c5 37. dxc5 bxc5 38. Rb1 Kc6 0-1

[Event "SVK-Tch 2nd League-B 2023-24"]
[Site "SVK"]
[Date "2024.03.16"]
[Round "10.2"]
[White "Pytlik, Pavol"]
[Black "Krnan, Tomas"]
[Result "0-1"]
[WhiteElo "1992"]
[BlackElo "2426"]
[PlyCount "68"]
[GameId "2130307553297539"]
[EventDate "2023.10.07"]
[EventType "team"]
[EventRounds "11"]
[EventCountry "SVK"]
[SourceTitle "10 Days #758"]
[Source "ChessMix "]
[SourceDate "2024.05.10"]
[SourceVersion "1"]
[SourceVersionDate "2024.05.10"]
[SourceQuality "1"]
[WhiteTeam "ŠK PK Trencín"]
[BlackTeam "ŠK Prievidza K CERO INVEST Nitra"]

1. e4 e5 2. Nc3 Nf6 3. g3 d5 4. exd5 Nxd5 5. Bg2 Nb6 6. Nf3 Nc6 7. O-O Bc5 8. d3 O-O 9. Bg5 f6 10. Be3 Be7 11. Nd2 Nd4 12. Nc4 c6 13. Nxb6 axb6 14. Ne2 Nf5 15. Bc1 Be6 16. b3 Bc5 17. Bb2 Qd7 18. a4 Rad8 19. Qc1 h5 20. Ba3 h4 21. Bxc5 bxc5 22. Qe1 hxg3 23. hxg3 Bd5 24. Be4 Kf7 25. g4 Nd4 26. f3 Bxe4 27. dxe4 Nxc2 28. Qc3 Nxa1 29. Rxa1 Qd3 30. Kf2 Qxc3 31. Nxc3 Rd3 32. Rc1 Rfd8 33. Ke2 Rd2+ 34. Ke1 Rb2 0-1

[Event "SVK-Tch 2nd League-B 2023-24"]
[Site "SVK"]
[Date "2024.03.17"]
[Round "11.2"]
[White "Krnan, Tomas"]
[Black "Bielik, Jakub"]
[Result "1-0"]
[WhiteElo "2426"]
[BlackElo "2122"]
[PlyCount "81"]
[GameId "2130307553301677"]
[EventDate "2023.10.07"]
[EventType "team"]
[EventRounds "11"]
[EventCountry "SVK"]
[SourceTitle "10 Days #758"]
[Source "ChessMix "]
[SourceDate "2024.05.10"]
[SourceVersion "1"]
[SourceVersionDate "2024.05.10"]
[SourceQuality "1"]
[WhiteTeam "ŠK Prievidza K CERO INVEST Nitra"]
[BlackTeam "ŠK Považské Podhradie"]

1. e4 e5 2. Nf3 Nf6 3. Nxe5 d6 4. Nf3 Nxe4 5. Nc3 Nxc3 6. dxc3 Nc6 7. Be3 Be7 8. Qd2 Be6 9. O-O-O Qd7 10. a3 Bf6 11. h4 a6 12. Ng5 O-O-O 13. Ne4 Be7 14. f3 h6 15. Qf2 Qe8 16. f4 f5 17. Nd2 Qf7 18. g3 Bd5 19. Rg1 Bf6 20. Bd3 Be6 21. Rge1 Rhe8 22. Qf3 Kb8 23. Bg1 Qd7 24. Nb3 Re7 25. h5 Qe8 26. Bf2 Qf7 27. Bxa6 Bxb3 28. Rxe7 Bxe7 29. cxb3 Qxb3 30. Bd3 Rf8 31. Bc2 Qc4 32. Qd3 Qxd3 33. Bxd3 Bf6 34. Kc2 Ne7 35. a4 c6 36. a5 Nd5 37. Bc4 Re8 38. Bxd5 Re2+ 39. Rd2 Rxd2+ 40. Kxd2 cxd5 41. Kd3 1-0

[Event "SVK-Tch 1 Liga Vychod 2019-20"]
[Site "SVK"]
[Date "2019.10.12"]
[Round "1.1"]
[White "Krnan, Tomas"]
[Black "Omelja, Artem"]
[Result "1-0"]
[WhiteElo "2417"]
[BlackElo "2499"]
[PlyCount "67"]
[GameId "2130307601749835"]
[EventDate "2019.10.12"]
[EventType "team"]
[EventRounds "11"]
[EventCountry "SVK"]
[SourceTitle "10 Days #613"]
[Source "ChessMix"]
[SourceDate "2020.05.01"]
[SourceVersion "1"]
[SourceVersionDate "2020.05.01"]
[SourceQuality "1"]
[WhiteTeam "B. Bystrica SK junior CVC"]
[BlackTeam "Dunajov Inbest B"]

1. e4 e5 2. Nf3 Nc6 3. Bb5 Nf6 4. d3 Bc5 5. Bxc6 dxc6 6. Nbd2 Be6 7. O-O Nd7 8. Nb3 Bb6 9. Ng5 Nf8 10. Qh5 Bxb3 11. axb3 Qf6 12. Kh1 Qg6 13. Qh3 h6 14. Bd2 a6 15. Nf3 f6 16. Bc3 h5 17. d4 exd4 18. Nxd4 Bxd4 19. Bxd4 Qg4 20. Qc3 Ne6 21. f3 Qg6 22. Bc5 h4 23. Qc4 Nxc5 24. Qxc5 Rh5 25. Qe3 Rg5 26. Rf2 Rd8 27. Qf4 h3 28. gxh3 Qh6 29. Qxc7 Rd7 30. Qc8+ Ke7 31. f4 Rh5 32. e5 fxe5 33. fxe5 Qh8 34. Rf7+ 1-0